000 00290nam a2200109Ia 4500
001 588696
005 20250717120836.0
008 250717s9999 xx 000 0 und d
245 0 _aY-4 ATATÜRK ÜLKESİNE SIĞINANLAR
_cAHMET ÖZGÜR TÜREN
260 _bDESTEK YAYINLARI
_c2019
300 _b95
999 _c588696
_d588696